00577 a2200181 4500001000700000003000400007005001700011008004100028082001400069100001900083245004000102260002800142300001000170653007900180942001200259999001500271952010900286067868OSt20220107154915.0  a415bS32S1 aSteedman, Mark1 aSyntactic processcby Mark Steedman aLondonbMIT Pressc2001 a330p. aGrammar, Comparative and general--Syntax; Grammar, Comparative and general 2ddccBK c1726d1726 00102ddc40708TXBaCURAJbCURAJd2012-03-07eENGg1038.00o415 S32Sp2155r2024-11-21w2020-09-02yBK